00717nam a22002297a 450000500170000001000130001702000100003003500130004003700160005304000120006908200110008110000270009224500530011926000360017227000600020830000200026865000220028865000200031094200200033099900190035095201180036920170124110146.0 aA-735297 c00.00 aA-735297 bCen Lib/Ret aDPLbEN aNbVIK aVikram Chandra 933475 aRed earth and pouring rain /cby Vikram Chandra  aNew Delhic1995bPenguin books  bNew Delhia210 Chiranjiv tower, 43 Nehru place e110019 a520p.c23cm(Hb) aLiterature 96262 aFiction 98901 2ddccENhNmVIK c132016d132016 00104070aLbLd2015-07-16eCen Lib/Retg0.00l0oN VIKpA-735297r2015-07-16 00:00:00t1v0.00w2015-07-16yEN